| Поле | Инд. | ПП | Название | Значение |
|---|---|---|---|---|
| Тип записи | a | |||
| Библиографический уровень | b | |||
| 001 | Контрольный номер | 3a4b994ecb6b47d3a069634cb3eff527 | ||
| 005 | Дата корректировки | 20220517155759.6 | ||
| 040 | a | Служба первич. каталог. | Web of Science | |
| 041 | 0_ | a | Код языка текста | eng |
| 097 | a | Костяева О.Г. | ||
| 100 | 1_ | a | Автор | Gershtein S. S. |
| 100 | 1_ | a | Автор | Ivanov S. V. |
| 100 | 1_ | a | Автор | Il'kaev R. I. |
| 100 | 1_ | q | Полное имя | Оганесян Юрий Цолакович |
| g | Прочие сведения | РИНЦ AuthorID: 21136 (http://elibrary.ru/author_profile.asp?id= 21136); Scopus Author ID: 35401658500 (https://www.scopus.com/authid/detail.uri?authorId=35401658500) | ||
| u | Дополнение | Оганесян Ю. Ц.; Oganessian Yu Ts | ||
| a | Автор | Oganessian Yu. Ts. | ||
| c | Титул (звания) | академик РАН; доктор физико-математических наук | ||
| i | 000091251 | |||
| k | Кафедра ядерной физики; Факультет естественных и инженерных наук | |||
| 245 | 10 | a | Заглавие | Yurii Alekseevich Trutnev (on his 90th birthday) |
| 773 | 18 | g | Прочая информация | V. 60. - №12. - P. 1302-1303 |
| t | Название источника | Physics-Uspekhi | ||
| b | Сведения об издании | Turpion Limited | ||
| b | Сведения об издании | IOP Publishing Ltd. | ||
| c | RUSSIA; ENGLAND | |||
| d | Место и дата издания | 2018 | ||
| m | Специф. данные | входит в Scopus;входит в WoS;Входит в ядро РИНЦ;журнал из перечня ВАК;ненулевой импакт-фактор; | ||
| x | ISSN | 1063-7869 | ||
| p | Phys. Usp. | |||
| o | Прочие индексы | wos 2.301, scopus 2.08, ринц - | ||
| w | Контрольный № источника | 271c1318afe54c3bba74688ba6b251f5 | ||
| 901 | t | Тип документа | b | |
| 952 | c | Вид литературы | материалы конференции |